Statistics for Click the Billie Eilish Song Title Ending

Click here to take the quiz!

General Stats

  • This quiz has been taken 258 times
  • The average score is 22 of 25

Answer Stats

HintAnswer% Correct
Happier ThanEver
96%
My StrangeAddiction
94%
BadGuy
94%
What Was I MadeFor
93%
Listen Before IGo
93%
When The Party'sOver
93%
Therefore IAm
92%
You Should See Me In aCrown
92%
OceanEyes
92%
Bury aFriend
92%
All The Good Girls Go ToHell
92%
Come Out AndPlay
92%
Six FeetUnder
92%
No Time ToDie
91%
Wish You WereGay
91%
GettingOlder
90%
Billie BossaNova
89%
I Didn't Change MyNumber
89%
Not MyResponsibility
88%
Everything IWanted
88%
Halley'sComet
86%
PartyFavor
83%
LostCause
82%
MaleFantasy
82%
YourPower
78%

Score Distribution

Percentile by Number Answered

Percent of People with Each Score

Your Score History

You have not taken this quiz